Netter's correlative imaging : (Record no. 119494)

MARC details
000 -LEADER
fixed length control field 00991cam a2200289 a 4500
008 - FIXED-LENGTH DATA ELEMENTS--GENERAL INFORMATION
fixed length control field
020 ## - INTERNATIONAL STANDARD BOOK NUMBER
International Standard Book Number 9781437704402 (hbk.)
049 ## - LOCAL HOLDINGS (OCLC)
Holding library MAIN
090 ## - LOCALLY ASSIGNED LC-TYPE CALL NUMBER (OCLC); LOCAL CALL NUMBER (RLIN)
Classification number (OCLC) (R) ; Classification number, CALL (RLIN) (NR) QM25
Local cutter number (OCLC) ; Book number/undivided call number, CALL (RLIN) NET
003 - CONTROL NUMBER IDENTIFIER
control field
005 - DATE AND TIME OF LATEST TRANSACTION
control field 20230120204229.0
040 ## - CATALOGING SOURCE
Transcribing agency NUST
245 10 - TITLE STATEMENT
Title Netter's correlative imaging :
Remainder of title cardiothoracic anatomy /
Statement of responsibility, etc. volume editor, Michael B. Gotway.
260 ## - PUBLICATION, DISTRIBUTION, ETC.
Place of publication, distribution, etc. Philadelphia, PA :
Name of publisher, distributor, etc. Elsevier/Saunders,
Date of publication, distribution, etc. c2013.
300 ## - PHYSICAL DESCRIPTION
Extent xi, 433 p. :
Other physical details ill. (some col.) ;
Dimensions 29 cm.
490 0# - SERIES STATEMENT
Series statement Netter clinical science.
500 ## - GENERAL NOTE
General note Includes index.
504 ## - BIBLIOGRAPHY, ETC. NOTE
Bibliography, etc. note Includes bibliographical references.
650 #0 - SUBJECT ADDED ENTRY--TOPICAL TERM
Topical term or geographic name entry element Cardiopulmonary system
General subdivision Anatomy
Form subdivision Atlases.
650 12 - SUBJECT ADDED ENTRY--TOPICAL TERM
Topical term or geographic name entry element Lung
General subdivision anatomy & histology
Form subdivision Atlases.
650 12 - SUBJECT ADDED ENTRY--TOPICAL TERM
Topical term or geographic name entry element Thorax
General subdivision anatomy & histology
Form subdivision Atlases.
650 22 - SUBJECT ADDED ENTRY--TOPICAL TERM
Topical term or geographic name entry element Diagnostic Imaging
Form subdivision Atlases.
650 22 - SUBJECT ADDED ENTRY--TOPICAL TERM
Topical term or geographic name entry element Heart
General subdivision anatomy & histology
Form subdivision Atlases.
700 1# - ADDED ENTRY--PERSONAL NAME
Personal name Gotway, Michael B.
907 ## - LOCAL DATA ELEMENT G, LDG (RLIN)
a .b10363956
b 24-09-18
c 28-10-15
942 ## - ADDED ENTRY ELEMENTS (KOHA)
Koha item type Ordinary Loan Books
Call number prefix QM25
Call number suffix NET
Holdings
Date last seen Total Checkouts Full call number Barcode Cost, replacement price Price effective from Koha item type Lost status Source of classification or shelving scheme Damaged status Not for loan Collection Withdrawn status Home library Current library Shelving location Date acquired Cost, normal purchase price
01/20/2023 1 QM25 NET 92004044952 80.00 01/20/2023 BOOKS   LCC     NFIC   Medical Medical GEN 01/20/2023 80.00